| 000 | 00837cam a22002295a 4500 | ||
|---|---|---|---|
| 001 | L159448 | ||
| 008 | 270912s2012 xxk af 001 0 eng d | ||
| 020 | _a9781118250365 | ||
| 035 | _a(Sirsi) u159448 | ||
| 041 | 0 | _aeng | |
| 050 | 0 | 4 | _a690.25 $2 18 |
| 100 | 1 | _aHolland, Malcolm | |
| 245 | 0 | 0 |
_aPractical guide to diagnosing structural movement in buildings _h[electronic resource] |
| 260 |
_aChichester _bJohn Wiley & Sons _c2012 |
||
| 300 | _aebook | ||
| 520 | _aSets out a methodology for diagnosing the causes of cracks in buildings, and looks at ways of stopping further movement and repairing damage. | ||
| 650 | 2 | 4 | _aEBOOK |
| 651 | 4 |
_aUnited Kingdom _y |
|
| 690 | _aBuilding materials and defects | ||
| 856 | 4 | 0 |
_uhttps://www.vlebooks.com/ _zView on VLEbooks. Logins for members only from [email protected] |
| 942 | _n0 | ||
| 999 |
_c115909 _d115909 |
||